000055379 001__ 55379
000055379 005__ 20230317221525.0
000055379 037__ $$aGDS-IMPORT-DOC-2010-Jun-160-1
000055379 041__ $$aGerman
000055379 0881_ $$aGSI Report 1993-43
000055379 088__ $$2GSI$$aGSI Report 1993-43
000055379 1001_ $$0P:(DE-Ds200)OR1029$$aRiehl, Günter$$b0$$eCorresponding author$$ugsi
000055379 245__ $$aUntersuchung der mehrdimensionalen transversalen Phrasenraumverteilungen von intensiven Ionenstrahlen
000055379 260__ $$aDarmstadt$$bGSI$$c1993
000055379 300__ $$a101 S.
000055379 3367_ $$0PUB:(DE-HGF)3$$2PUB:(DE-HGF)$$aBook$$bbook$$mbook$$s1382959789_3926
000055379 3367_ $$2DRIVER$$abook
000055379 3367_ $$2BibTeX$$aBOOK
000055379 3367_ $$01$$2EndNote$$aBook
000055379 3367_ $$0PUB:(DE-HGF)15$$2PUB:(DE-HGF)$$aInternal Report$$mintrep
000055379 500__ $$aDoktorarbeit Universität Frankfurt/M
IMPORT aus dem GDS: https://www.gsi.de/documents/DOC-2010-Jun-160.html
000055379 502__ $$cFrankfurt/M
000055379 536__ $$0G:(DE-HGF)POF2-899$$a899 - ohne Topic (POF2-899)$$cPOF2-899$$fPOF I$$x0
000055379 8564_ $$uhttps://repository.gsi.de/record/55379/files/DOC-2010-Jun-160-1.pdf$$yRestricted
000055379 909CO $$ooai:repository.gsi.de:55379$$pdnbdelivery$$pdriver$$pVDB$$popen_access$$popenaire
000055379 9101_ $$0I:(DE-Ds200)20121206GSI$$6P:(DE-Ds200)OR1029$$aGSI Helmholtzzentrum für Schwerionenforschung GmbH$$b0$$kGSI
000055379 9131_ $$0G:(DE-HGF)POF2-899$$1G:(DE-HGF)POF2-890$$2G:(DE-HGF)POF2-800$$3G:(DE-HGF)POF2$$4G:(DE-HGF)POF$$aDE-HGF$$bProgrammungebundene Forschung$$lohne Programm$$vohne Topic$$x0
000055379 915__ $$0StatID:(DE-HGF)0510$$2StatID$$aOpenAccess
000055379 9201_ $$0I:(DE-Ds200)BUD-20051214OR030$$kBUD$$lBibliothek & Dokumentation$$x0
000055379 9201_ $$0I:(DE-Ds200)ACO-20051214OR053$$kACO$$lControl Systems$$x1
000055379 970__ $$aGDS-IMPORT-DOC-2010-Jun-160
000055379 9801_ $$aGSI Report
000055379 9801_ $$aFulltexts
000055379 980__ $$abook
000055379 980__ $$aVDB
000055379 980__ $$aGSI Report
000055379 980__ $$aUNRESTRICTED
000055379 980__ $$aintrep
000055379 980__ $$aI:(DE-Ds200)20120319OR030
000055379 980__ $$aI:(DE-Ds200)BUD-20051214OR030
000055379 980__ $$aI:(DE-Ds200)20121009OR053
000055379 980__ $$aI:(DE-Ds200)ACO-20051214OR053